[Event "XI MFSz PERLA BALTYKU"]
[Site "Lazy"]
[Date "2015.07.03"]
[Round "6.9"]
[White "Pilzak, Marcin"]
[Black "Nowicki, Bartosz"]
[Result "0-1"]
[WhiteElo "2145"]
[BlackElo "2018"]
[PlyCount "142"]
[EventDate "2015.??.??"]

1. e4 c5 2. Nf3 d6 3. d4 cxd4 4. Nxd4 Nf6 5. Nc3 Nc6 6. Bg5 e6 7. Qd2 a6 8.
O-O-O h6 9. Nxc6 bxc6 10. Bf4 d5 11. Be2 Bb4 12. a3 Ba5 13. Qe3 O-O 14. e5 Nd7
15. Qg3 Bc7 16. Bd3 Ra7 17. Rde1 f5 18. Bxh6 Bxe5 19. Rxe5 Nxe5 20. Be2 Ng4 21.
Bd2 Nf6 22. f3 Re8 23. h4 Qc7 24. Qf2 e5 25. h5 d4 26. Na4 Qf7 27. b3 Be6 28.
Nc5 Bd5 29. h6 Qg6 30. Rh3 f4 31. Bd3 Qg5 32. g3 Nh5 33. Qh2 Nxg3 34. hxg7 Rxg7
35. Rh8+ Kf7 36. Rxe8 Kxe8 37. Qh8+ Rg8 38. Qh3 Qe7 39. Nxa6 Bxf3 40. Bb4 Bg4
41. Qh6 Qd7 42. Nc5 Qd5 43. Kb2 Be2 44. Bg6+ Kd8 45. Qh4+ Kc8 46. Qh7 Rxg6 47.
Qxg6 Bh5 48. Qg7 Qf7 49. Qh8+ Qe8 50. Qh7 Qf7 51. Qh8+ Qe8 52. Qh7 Qf7 53. Qd3
Be2 54. Qd2 Qd5 55. Nd3 Bxd3 56. Qxd3 e4 57. Qa6+ Kd7 58. Qb7+ Ke6 59. Qh7 e3
60. Qg6+ Ke5 61. Bf8 Nf5 62. Bg7+ Nxg7 63. Qxg7+ Ke4 64. Qg2+ Kf5 65. Qh2 Qf3
66. Qh7+ Kg4 67. Qg7+ Kh3 68. Qh8+ Kg2 69. Qxd4 e2 70. Qe5 Kf2 71. Qd4+ Qe3 0-1

[Event "XI MFSz PERLA BALTYKU"]
[Site "Lazy"]
[Date "2015.07.03"]
[Round "6.10"]
[White "Fraczek, Daniel"]
[Black "Zebracki, Tomasz"]
[Result "1-0"]
[WhiteElo "2411"]
[BlackElo "2114"]
[PlyCount "67"]
[EventDate "2015.??.??"]

1. d4 Nf6 2. c4 e6 3. g3 d5 4. Nf3 c5 5. cxd5 exd5 6. Bg2 Nc6 7. O-O Bg4 8. Ne5
cxd4 9. Nxg4 Nxg4 10. e4 Nf6 11. exd5 Nxd5 12. Qb3 Nb6 13. a4 a5 14. Bg5 Be7
15. Bxe7 Kxe7 16. Qb5 Re8 17. Re1+ Kf8 18. Rxe8+ Kxe8 19. Nd2 Kf8 20. Ne4 Nd5
21. Qxb7 Ndb4 22. Qb5 Rb8 23. Qf5 g6 24. Qf4 Kg7 25. Rd1 f5 26. Nd6 Qd7 27. h4
Rd8 28. Nb5 d3 29. h5 Nd4 30. h6+ Kg8 31. Qe5 f4 32. Nxd4 Qxd4 33. Bd5+ Rxd5
34. Qe8# 1-0

[Event "XI MFSz PERLA BALTYKU"]
[Site "Lazy"]
[Date "2015.07.03"]
[Round "6.11"]
[White "Mulet, Piotr"]
[Black "Karwowski, Kacper"]
[Result "1-0"]
[WhiteElo "2220"]
[BlackElo "2003"]
[PlyCount "67"]
[EventDate "2015.??.??"]

1. d4 Nf6 2. c4 g6 3. Nc3 Bg7 4. e4 d6 5. Nf3 O-O 6. Be2 e5 7. O-O Nc6 8. d5
Ne7 9. b4 Nh5 10. g3 f5 11. Nd2 Nf6 12. f3 h5 13. c5 fxe4 14. fxe4 a5 15. bxa5
Bh3 16. Rf3 Ng4 17. Nc4 Nf5 18. exf5 e4 19. Nxe4 Bxa1 20. Ng5 Nxh2 21. Kxh2
Bxf5 22. cxd6 cxd6 23. Ne6 Bxe6 24. dxe6 d5 25. Bf4 Bg7 26. Ne5 Bxe5 27. Bxe5
Rxa5 28. Qb1 Qg5 29. Qxb7 Qh6 30. Rf7 d4 31. Rg7+ Kh8 32. Rxg6+ Rxe5 33. Rxh6+
Kg8 34. Qh7# 1-0

[Event "XI MFSz PERLA BALTYKU"]
[Site "Lazy"]
[Date "2015.07.03"]
[Round "6.12"]
[White "Eggink, Mateusz"]
[Black "Karpus, Michal"]
[Result "0-1"]
[WhiteElo "2177"]
[BlackElo "2114"]
[PlyCount "98"]
[EventDate "2015.??.??"]

1. e4 e5 2. Nf3 Nc6 3. Bc4 Bc5 4. O-O Nf6 5. d3 d6 6. c3 O-O 7. Nbd2 Ne7 8. Re1
Ng6 9. Nf1 h6 10. Qc2 Bg4 11. N3d2 d5 12. exd5 Nxd5 13. h3 Be6 14. Nf3 Qd6 15.
N1d2 Qc6 16. b4 Be7 17. a4 a6 18. Nb3 b5 19. Na5 Qd7 20. Bxd5 Qxd5 21. c4 Qd7
22. Ba3 bxa4 23. Nb7 Rfe8 24. Rad1 Rab8 25. Nc5 Bxc5 26. bxc5 Bf5 27. Re3 Rb3
28. Bb2 f6 29. g4 Be6 30. d4 e4 31. Nh2 Rxb2 32. Qxb2 Bxc4 33. Rde1 Nf4 34. Qc3
Bd5 35. Qd2 Rb8 36. Qc2 f5 37. Rb1 Rf8 38. Rg3 Nd3 39. gxf5 Qxf5 40. Ng4 Qh5
41. Rb8 Qh4 42. Rxf8+ Kxf8 43. Qxa4 Nf4 44. Qxa6 Qd8 45. Ne3 Be6 46. d5 Bc8 47.
Qc4 Nxh3+ 48. Kf1 Qf6 49. Nd1 Ba6 0-1

[Event "XI MFSz PERLA BALTYKU"]
[Site "Lazy"]
[Date "2015.07.03"]
[Round "6.13"]
[White "Kowalski, Igor"]
[Black "Krainski, Aleksander"]
[Result "1-0"]
[WhiteElo "2106"]
[BlackElo "2165"]
[PlyCount "103"]
[EventDate "2015.??.??"]

1. d4 d5 2. c4 c6 3. Nf3 Nf6 4. e3 e6 5. Nbd2 Nbd7 6. Bd3 Be7 7. O-O O-O 8. b3
b6 9. Bb2 Bb7 10. Rc1 Rc8 11. Re1 h6 12. e4 dxe4 13. Nxe4 c5 14. dxc5 Nxc5 15.
Nxc5 Bxc5 16. h3 Qe7 17. Bb1 Rfd8 18. Qe2 Bxf3 19. Qxf3 Rd2 20. Re2 Rcd8 21.
Bc3 R2d7 22. g4 Nh7 23. Kg2 Ng5 24. Qg3 Bd4 25. Be1 Bf6 26. f4 Nh7 27. h4 Qa3
28. Qe3 Bd4 29. Bxh7+ Kxh7 30. Qe4+ Kh8 31. Rd1 Qc5 32. Red2 f5 33. Qe2 fxg4
34. Qxg4 Rd6 35. Bg3 Be3 36. Rxd6 Rxd6 37. Rxd6 Qxd6 38. Qf3 Qd4 39. Qa8+ Kh7
40. Kf3 Bc1 41. Qe4+ Qxe4+ 42. Kxe4 Kg6 43. b4 Kf6 44. b5 Ba3 45. h5 Bd6 46.
Bh4+ Kf7 47. f5 Bb8 48. a4 Bc7 49. Bf2 Bb8 50. Bd4 exf5+ 51. Kxf5 Bc7 52. a5
1-0

[Event "XI MFSz PERLA BALTYKU"]
[Site "Lazy"]
[Date "2015.07.03"]
[Round "6.14"]
[White "Mazalon, Mariusz"]
[Black "Miturova, Magdalena"]
[Result "1/2-1/2"]
[WhiteElo "2058"]
[BlackElo "2149"]
[PlyCount "71"]
[EventDate "2015.??.??"]

1. d4 Nf6 2. c4 e6 3. Nf3 Bb4+ 4. Nbd2 b6 5. g3 Ba6 6. Qa4 Bxd2+ 7. Bxd2 Bb7 8.
Bg2 O-O 9. O-O d6 10. Rfd1 Qc8 11. b4 Nbd7 12. Rac1 Be4 13. c5 bxc5 14. dxc5 a5
15. cxd6 axb4 16. Qxb4 c5 17. Qb2 Qa6 18. Be3 Rfb8 19. Qd2 Rb5 20. Ra1 Rab8 21.
Bf1 Nd5 22. Ng5 Rb2 23. Nxe4 Rxd2 24. Bxd2 f5 25. Nxc5 Qxd6 26. Nxd7 Qxd7 27.
a4 Qa7 28. a5 f4 29. Bg2 fxg3 30. hxg3 Rf8 31. Rf1 Qa6 32. e4 Nf6 33. Be3 Ng4
34. Bb6 Qb5 35. f3 Ne5 36. f4 1/2-1/2

[Event "XI MFSz PERLA BALTYKU"]
[Site "Lazy"]
[Date "2015.07.03"]
[Round "6.15"]
[White "Nowak, Lukasz"]
[Black "Baumann, Dariusz"]
[Result "0-1"]
[WhiteElo "2116"]
[BlackElo "2108"]
[PlyCount "68"]
[EventDate "2015.??.??"]

1. e4 e5 2. Nf3 Nc6 3. Bb5 a6 4. Ba4 Nf6 5. O-O Be7 6. d3 b5 7. Bb3 O-O 8. Nc3
d6 9. a3 Na5 10. Ba2 c5 11. Nd5 Nc6 12. b4 Bg4 13. c3 Kh8 14. h3 Bh5 15. Bd2
Rc8 16. a4 cxb4 17. cxb4 Nxd5 18. Bxd5 Bxf3 19. Qxf3 Nd4 20. Qd1 Bg5 21. Bb7
Rc2 22. Be3 Bxe3 23. fxe3 Qg5 24. Qg4 Qxe3+ 25. Kh2 f6 26. Bxa6 g6 27. Bxb5 f5
28. Qg3 Qh6 29. Bd7 f4 30. Qe1 Re2 31. Qxe2 Nxe2 32. Bg4 f3 33. g3 Qe3 34. a5
h5 0-1

[Event "XI MFSz PERLA BALTYKU"]
[Site "Lazy"]
[Date "2015.07.03"]
[Round "6.16"]
[White "Smieszek, Wojciech"]
[Black "Lewtak, Dominik"]
[Result "0-1"]
[WhiteElo "2035"]
[BlackElo "2153"]
[PlyCount "78"]
[EventDate "2015.??.??"]

1. e4 c5 2. Nf3 Nc6 3. d4 cxd4 4. Nxd4 Nf6 5. Nc3 d6 6. Bc4 e6 7. Be3 Be7 8.
Qe2 a6 9. O-O-O Qc7 10. Bb3 O-O 11. Rhg1 b5 12. g4 b4 13. Nxc6 Qxc6 14. Nd5 Bd8
15. g5 Nd7 16. Qh5 a5 17. Rg3 a4 18. Rh3 h6 19. gxh6 g6 20. Bd4 Kh7 21. Nxb4
Qxe4 22. Bc4 Qf4+ 23. Be3 Qxc4 24. Qf3 Rb8 25. a3 Bb7 26. Qg3 Be7 27. Bg5 Bxg5+
28. Qxg5 d5 29. Kb1 Qe2 30. Rdd3 f6 31. Qg1 Qe5 32. f4 Qxf4 33. Qa7 Qd6 34.
Rdg3 Qb6 35. Qxa4 Nc5 36. Nxd5 Qxb2+ 37. Kxb2 Nxa4+ 38. Kb3 Bxd5+ 39. Kxa4 Rb7
0-1

[Event "XI MFSz PERLA BALTYKU"]
[Site "Lazy"]
[Date "2015.07.03"]
[Round "6.17"]
[White "Sciborowski, Miroslaw"]
[Black "Kubicka, Anna"]
[Result "0-1"]
[WhiteElo "2029"]
[BlackElo "2014"]
[PlyCount "64"]
[EventDate "2015.??.??"]

1. d4 Nf6 2. Nf3 d6 3. g3 Nbd7 4. Bg2 e5 5. dxe5 dxe5 6. O-O Be7 7. c4 O-O 8.
Nc3 c6 9. a4 Re8 10. h3 Qc7 11. a5 a6 12. Be3 Bb4 13. Ra4 Bc5 14. Qc1 b5 15.
axb6 Qxb6 16. b4 Bxe3 17. fxe3 c5 18. Nd5 Nxd5 19. cxd5 cxb4 20. Ng5 Nf6 21. d6
Ra7 22. Qd2 a5 23. Raa1 h6 24. Ne4 Nxe4 25. Bxe4 Bxh3 26. Rf2 Rd8 27. Kh2 Be6
28. Rd1 Rad7 29. Bb1 Rxd6 30. Qc2 Rxd1 31. Qh7+ Kf8 32. Bg6 Qxe3 0-1

[Event "XI MFSz PERLA BALTYKU"]
[Site "Lazy"]
[Date "2015.07.03"]
[Round "6.18"]
[White "Sliwicka, Alicja"]
[Black "Januszkiewicz, Wojciech"]
[Result "0-1"]
[WhiteElo "2015"]
[BlackElo "2025"]
[PlyCount "114"]
[EventDate "2015.??.??"]

1. e4 c5 2. Nf3 d6 3. d4 Nf6 4. Nc3 cxd4 5. Nxd4 g6 6. f3 Bg7 7. Be3 O-O 8. Qd2
Nc6 9. O-O-O d5 10. exd5 Nxd5 11. Nxc6 bxc6 12. Bd4 Bxd4 13. Qxd4 Qb6 14. Na4
Qc7 15. h4 Rb8 16. b3 Rb4 17. Bc4 Ba6 18. Nb2 e5 19. Qd2 Bxc4 20. Nxc4 Rfb8 21.
Ne3 Qa5 22. Kb2 Nxe3 23. Qxe3 Ra4 24. Ra1 e4 25. f4 Qb4 26. a3 Qd4+ 27. Qxd4
Rxd4 28. Rad1 c5 29. Rxd4 cxd4 30. Rd1 Rd8 31. b4 Kf8 32. Kb3 e3 33. Kc4 Rc8+
34. Kd3 Ke7 35. Re1 Kd6 36. Kxd4 Rxc2 37. Rxe3 Rxg2 38. Re8 Rg4 39. Ke4 Rxh4
40. Ra8 f5+ 41. Kd4 Rxf4+ 42. Kc3 Rf3+ 43. Kb2 h5 44. Rxa7 g5 45. a4 Re3 46.
Rg7 g4 47. Rg6+ Re6 48. Rg5 f4 49. Rxh5 g3 50. Rg5 Rf6 51. a5 f3 52. a6 f2 53.
a7 Rf8 54. Rg6+ Kc7 55. Rf6 Ra8 56. b5 g2 57. b6+ Kb7 0-1

[Event "XI MFSz PERLA BALTYKU"]
[Site "Lazy"]
[Date "2015.07.03"]
[Round "6.19"]
[White "Kaczmarska, Joanna"]
[Black "Mielczarski, Miroslaw"]
[Result "0-1"]
[WhiteElo "1876"]
[BlackElo "2191"]
[PlyCount "132"]
[EventDate "2015.??.??"]

1. d4 Nf6 2. c4 e6 3. Nc3 Bb4 4. f3 d5 5. a3 Be7 6. e4 dxe4 7. fxe4 e5 8. d5
Bc5 9. g3 O-O 10. h3 Qe7 11. Bg2 Nbd7 12. Nge2 a5 13. Qc2 Ne8 14. Na4 Nb6 15.
Nxc5 Qxc5 16. Qc3 Qxc4 17. Qxe5 Nd6 18. Be3 Qb3 19. Bd4 f6 20. Qf4 Nbc4 21. O-O
Bd7 22. Bc3 a4 23. Kh2 Rae8 24. Nd4 Qb6 25. g4 h6 26. Rf2 Ne5 27. Qg3 Nb5 28.
Nxb5 Bxb5 29. Bxe5 Rxe5 30. Rf5 Rfe8 31. Rc1 Qd6 32. Rc3 Bd7 33. Rf2 c5 34.
Rfc2 b6 35. Kh1 Rc8 36. Rc1 Kh7 37. R1c2 Be8 38. Rc1 Kh8 39. Rc4 Rxd5 40. Qxd6
Rxd6 41. R4c2 Bc6 42. Re1 Re8 43. Kh2 Re5 44. Rce2 Rd4 45. Kg3 Kg8 46. Bf3 Kf7
47. Kf4 Ke7 48. h4 Kd6 49. Kg3 b5 50. Re3 b4 51. Kf4 Bb5 52. Rg1 g5+ 53. Kg3
Re7 54. hxg5 hxg5 55. Rh1 Ke5 56. Rh8 Re8 57. Rh7 Rd7 58. Rh6 Rd2 59. axb4 cxb4
60. b3 a3 61. Rh7 Rd7 62. Rh2 Rc8 63. Be2 Bxe2 64. Rhxe2 Rc3 65. Kf2 Rdd3 66.
Rxd3 Rxd3 0-1

[Event "XI MFSz PERLA BALTYKU"]
[Site "Lazy"]
[Date "2015.07.03"]
[Round "6.20"]
[White "Szustakowski, Antoni"]
[Black "Kowalski, Maciej"]
[Result "1/2-1/2"]
[WhiteElo "1983"]
[BlackElo "2107"]
[PlyCount "58"]
[EventDate "2015.??.??"]

1. Nf3 g6 2. c4 c5 3. d4 Bg7 4. e4 cxd4 5. Nxd4 Nc6 6. Be3 Nf6 7. Nc3 d6 8. Be2
O-O 9. O-O a5 10. Rc1 Nd7 11. Qd2 Nc5 12. f4 a4 13. f5 Qa5 14. Nxc6 bxc6 15. f6
Bxf6 16. Rxf6 exf6 17. Qxd6 Nd7 18. c5 Rb8 19. Bg4 Rxb2 20. Bxd7 Rd8 21. Qxf6
Rxd7 22. Nd5 Rc2 23. Rd1 cxd5 24. Bh6 Qxc5+ 25. Kh1 Qf8 26. Bxf8 Kxf8 27. e5
Rdc7 28. h3 Be6 29. Rd4 R7c4 1/2-1/2

[Event "XI MFSz PERLA BALTYKU"]
[Site "Lazy"]
[Date "2015.07.03"]
[Round "6.21"]
[White "Kicinski, Jacek"]
[Black "Przerwa, Waldemar"]
[Result "1-0"]
[WhiteElo "2006"]
[BlackElo "1763"]
[PlyCount "79"]
[EventDate "2015.??.??"]

1. e4 c6 2. d4 d5 3. Nc3 dxe4 4. Nxe4 Nd7 5. Bd3 Ndf6 6. Ng5 e6 7. Qe2 Bd6 8.
N1f3 h6 9. Ne4 Nxe4 10. Qxe4 Nf6 11. Qe2 c5 12. dxc5 Bxc5 13. Be3 Qa5+ 14. c3
Bxe3 15. Qxe3 O-O 16. O-O Rd8 17. Rfd1 Bd7 18. a3 Be8 19. Rd2 Qc7 20. Rad1 b6
21. h3 Bc6 22. Nd4 Be8 23. Bc2 Kh8 24. Bb3 Nd5 25. Qe4 Nf6 26. Qf3 Bd7 27. Qe3
Re8 28. f4 Rac8 29. Nf3 Bc6 30. Ne5 Nd5 31. Bxd5 Bxd5 32. c4 Bxc4 33. Rd7 Qc5
34. Qxc5 Rxc5 35. b4 Rcc8 36. Nxf7+ Kh7 37. Nd6 Bb3 38. Rd3 Rc1+ 39. Kh2 Ba4
40. Nxe8 1-0

[Event "XI MFSz PERLA BALTYKU"]
[Site "Lazy"]
[Date "2015.07.03"]
[Round "6.22"]
[White "Wacior, Maciej"]
[Black "Antolak, Julia"]
[Result "1/2-1/2"]
[WhiteElo "1921"]
[BlackElo "1987"]
[PlyCount "79"]
[EventDate "2015.??.??"]

1. d4 Nf6 2. Nf3 g6 3. Bf4 Bg7 4. e3 O-O 5. h3 d6 6. Be2 Nbd7 7. O-O Qe8 8. c3
e5 9. dxe5 dxe5 10. Bh2 Qe7 11. Nbd2 Re8 12. Qc2 Nd5 13. Rfd1 N5b6 14. Nc4 f5
15. a4 a5 16. Nxb6 Nxb6 17. Rd2 Bd7 18. b3 Bc6 19. Rad1 Kh8 20. Ne1 Rf8 21. Kh1
g5 22. Bb5 Be4 23. Bd3 Bxd3 24. Nxd3 e4 25. Nc1 f4 26. exf4 gxf4 27. Re2 e3 28.
fxe3 fxe3 29. Rde1 Nd5 30. c4 Nb4 31. Qb1 Rae8 32. Bg1 Bd4 33. Nd3 Qe4 34. Nxb4
Qxb1 35. Rxb1 axb4 36. Rd1 Rf4 37. g3 Rfe4 38. Rd3 c5 39. Kg2 R4e6 40. Kf3
1/2-1/2

[Event "XI MFSz PERLA BALTYKU"]
[Site "Lazy"]
[Date "2015.07.03"]
[Round "6.23"]
[White "Kokoszczynski, Jan"]
[Black "Filewicz, Przemyslaw"]
[Result "0-1"]
[WhiteElo "1988"]
[BlackElo "2052"]
[PlyCount "114"]
[EventDate "2015.??.??"]

1. e4 c5 2. Nf3 d6 3. d4 cxd4 4. Qxd4 a6 5. c4 Nc6 6. Qe3 g6 7. Be2 Bg7 8. O-O
Nf6 9. h3 Nd7 10. Rd1 Qb6 11. Nc3 Qxe3 12. Bxe3 Bxc3 13. bxc3 Nc5 14. e5 Ne4
15. Bd4 dxe5 16. Nxe5 Nxe5 17. Bxe5 f6 18. Bd4 e5 19. Bb6 Bd7 20. Ba5 Bc6 21.
Bf3 Rc8 22. Bxe4 Bxe4 23. Rd6 O-O 24. f3 Bf5 25. g4 Bc2 26. Rd2 Ba4 27. c5 Bc6
28. Rd3 f5 29. Bb6 fxg4 30. fxg4 Rf4 31. Re3 Rcf8 32. Rae1 e4 33. Bc7 R4f7 34.
R1e2 Rf1+ 35. Kg2 Bb5 36. Rb2 Bc6 37. Bd6 R8f7 38. Rd2 Rc1 39. Be5 Rff1 40. Kg3
Kf7 41. Rf2+ Ke6 42. Rxf1 Rxf1 43. Bd4 Kd5 44. Kg2 Bb5 45. Bg7 Rc1 46. Kg3 Bc4
47. a3 Bd3 48. Kf4 Kc4 49. Kg5 Ra1 50. Kh6 Rxa3 51. Kxh7 Ra1 52. Kxg6 a5 53. h4
Rh1 54. h5 a4 55. h6 a3 56. h7 Rxh7 57. Kxh7 a2 0-1

[Event "XI MFSz PERLA BALTYKU"]
[Site "Lazy"]
[Date "2015.07.03"]
[Round "6.24"]
[White "Szewczak, Andrzej"]
[Black "Laszczak, Przemyslaw"]
[Result "0-1"]
[WhiteElo "1887"]
[BlackElo "1821"]
[PlyCount "82"]
[EventDate "2015.??.??"]

1. e4 c6 2. Nc3 d5 3. d3 dxe4 4. dxe4 Qxd1+ 5. Nxd1 g6 6. g3 Bg7 7. Bg2 Nd7 8.
c3 Ne5 9. Kd2 Be6 10. Ne3 O-O-O+ 11. Kc2 Nd3 12. Nh3 Kc7 13. Ng5 Nxf2 14. Rf1
Nd3 15. Nxf7 Bxf7 16. Rxf7 Bf6 17. Ng4 Ne1+ 18. Kb3 Nxg2 19. e5 Rd7 20. exf6
exf6 21. Rxd7+ Kxd7 22. Bd2 h5 23. Nxf6+ Nxf6 24. Rg1 h4 25. Rxg2 h3 26. Re2
Re8 27. Rf2 Ne4 28. Rf4 Nxd2+ 29. Kc2 Ne4 30. Rh4 Nf2 31. Kd2 g5 32. Rh7+ Re7
33. Rh8 g4 34. Rf8 Ne4+ 35. Kd1 Nxg3 36. Rg8 Nf1 37. Rxg4 Nxh2 38. Rh4 Ng4 39.
Rxg4 Rh7 40. Rd4+ Kc7 41. Ke2 h2 0-1

[Event "XI MFSz PERLA BALTYKU"]
[Site "Lazy"]
[Date "2015.07.05"]
[Round "7.1"]
[White "Tomczak, Jacek"]
[Black "Stremavicius, Titas"]
[Result "1-0"]
[WhiteElo "2579"]
[BlackElo "2442"]
[PlyCount "145"]
[EventDate "2015.??.??"]

1. e4 c5 2. Nf3 d6 3. d4 cxd4 4. Nxd4 Nf6 5. Nc3 a6 6. Bg5 e6 7. f4 Qb6 8. Nb3
Nbd7 9. Qf3 Be7 10. O-O-O Qc7 11. Bd3 b5 12. Bxf6 Nxf6 13. e5 Bb7 14. Qg3 dxe5
15. fxe5 Nd5 16. Nxd5 Bxd5 17. Qxg7 O-O-O 18. Kb1 Rdg8 19. Qxf7 Rxg2 20. Rhf1
Rxh2 21. Qg7 Rd8 22. Rc1 Bf8 23. Qxc7+ Kxc7 24. c4 Bg2 25. Rf7+ Kb8 26. cxb5
axb5 27. Rxh7 Bh6 28. Nc5 Rh3 29. Be4 Bxe4+ 30. Nxe4 Bxc1 31. Rxh3 Bf4 32. Rb3
Rd1+ 33. Kc2 Rc1+ 34. Kd3 Rd1+ 35. Kc2 Rc1+ 36. Kd3 Rd1+ 37. Ke2 Rd5 38. Nc3
Rxe5+ 39. Kf3 Bc1 40. Nxb5 Rh5 41. Nd4+ Ka8 42. Rb4 Rh4 43. b3 Bd2 44. Ra4+ Kb7
45. Nxe6 Rxa4 46. Nc5+ Kc6 47. Nxa4 Kb5 48. Ke2 Bh6 49. Nc3+ Kb4 50. Nb1 Bg7
51. Kd3 Bf8 52. Kc2 Kc5 53. Nc3 Be7 54. Kd3 Bd8 55. a3 Ba5 56. Ne4+ Kb5 57. Kd4
Bb6+ 58. Kd5 Be3 59. Nd6+ Ka6 60. Nc4 Bh6 61. Kc6 Bf8 62. b4 Ka7 63. b5 Bh6 64.
a4 Bf4 65. Nb6 Bg3 66. Nd7 Bh4 67. Nb6 Bg3 68. Nd5 Be1 69. b6+ Kb8 70. Nc7 Bg3
71. a5 Kc8 72. a6 Bxc7 73. b7+ 1-0

[Event "XI MFSz PERLA BALTYKU"]
[Site "Lazy"]
[Date "2015.07.05"]
[Round "7.3"]
[White "Eggink, Ryszard"]
[Black "Rudolf, Michal"]
[Result "1/2-1/2"]
[WhiteElo "2316"]
[BlackElo "2322"]
[PlyCount "116"]
[EventDate "2015.??.??"]

1. e4 Nf6 2. Nc3 d5 3. e5 Nfd7 4. d4 e6 5. f4 c5 6. Nf3 Nc6 7. Be3 Be7 8. Qd2
O-O 9. dxc5 Bxc5 10. O-O-O Qa5 11. Bxc5 Nxc5 12. Kb1 b6 13. g4 Bb7 14. Nd4 Rac8
15. Bg2 Na4 16. Ncb5 Qxd2 17. Rxd2 Ba6 18. Nd6 Rc7 19. Nxc6 Rxc6 20. Rd4 Nc5
21. c4 Rxd6 22. exd6 Bxc4 23. Bf1 Bxf1 24. Rxf1 Rd8 25. Rc1 h5 26. gxh5 a5 27.
b4 axb4 28. Rxb4 Rxd6 29. a4 Kh7 30. a5 bxa5 31. Rb8 Nd7 32. Ra8 Rb6+ 33. Ka2
Nf6 34. Rc7 Rb4 35. Rxf7 Rxf4 36. Raa7 Ra4+ 37. Kb3 Rb4+ 38. Kc3 Nxh5 39. Rxa5
Rc4+ 40. Kd3 Kg6 41. Raa7 Re4 42. Rfe7 Kf6 43. Rf7+ Ke5 44. Kd2 Rh4 45. Rf2 Nf6
46. Rg2 Ne4+ 47. Ke2 g5 48. Ra3 Rh7 49. Re3 Ra7 50. Kf3 Kf5 51. Rge2 g4+ 52.
Kg2 Kf4 53. Rd3 Ra8 54. Rb3 d4 55. h3 gxh3+ 56. Rxh3 Rg8+ 57. Kh2 Rg4 58. Rg2
Rxg2+ 1/2-1/2

[Event "XI MFSz PERLA BALTYKU"]
[Site "Lazy"]
[Date "2015.07.05"]
[Round "7.4"]
[White "Lewicki, Miroslaw"]
[Black "Chomczyk, Marek"]
[Result "0-1"]
[WhiteElo "2224"]
[BlackElo "2090"]
[PlyCount "140"]
[EventDate "2015.??.??"]

1. e4 e5 2. Nf3 Nc6 3. Bb5 a6 4. Ba4 Nf6 5. d3 b5 6. Bb3 Be7 7. O-O d6 8. c3
O-O 9. h3 Nb8 10. a4 Bb7 11. Na3 Nbd7 12. Be3 c6 13. Bc2 d5 14. Qe2 b4 15. cxb4
Bxb4 16. Bg5 Re8 17. Rfc1 Qb6 18. Nh4 h6 19. Be3 Nc5 20. Nf5 Bc8 21. Nd6 Rd8
22. Nxc8 Raxc8 23. Bd1 Qa5 24. f3 Ne6 25. Nc2 Bc5 26. b4 Bxb4 27. Nxb4 Qxb4 28.
Rab1 Qe7 29. Rb6 d4 30. Bd2 Nh5 31. Rbxc6 Nef4 32. Bxf4 Nxf4 33. Qd2 Rxc6 34.
Rxc6 a5 35. g3 Nxh3+ 36. Kg2 Ng5 37. g4 Ne6 38. Qxa5 Qh4 39. Rxe6 fxe6 40. Qxe5
Kh8 41. Qxe6 Qe1 42. Qb3 Rc8 43. Kh3 Qd2 44. Qb7 Rf8 45. Qe7 Qf4 46. Qc5 Rd8
47. a5 Qd6 48. Qc4 Ra8 49. Bb3 Qa3 50. a6 Qd6 51. Qd5 Qxd5 52. Bxd5 Rxa6 53. g5
hxg5 54. Kg4 Ra3 55. Bc4 Rc3 56. Ba6 Rc5 57. f4 gxf4 58. Kxf4 g5+ 59. Kf3 Kg7
60. Bc4 Kf6 61. Ba6 Rc1 62. Bb5 Rc5 63. Ba6 Kg6 64. Kg3 Kh5 65. Bb7 Rc1 66. Bd5
Rc3 67. Bc4 Rxc4 68. dxc4 d3 69. Kf2 g4 70. c5 g3+ 0-1

[Event "XI MFSz PERLA BALTYKU"]
[Site "Lazy"]
[Date "2015.07.05"]
[Round "7.5"]
[White "Nowicki, Bartosz"]
[Black "Snihur, Piotr"]
[Result "1/2-1/2"]
[WhiteElo "2018"]
[BlackElo "2124"]
[PlyCount "71"]
[EventDate "2015.??.??"]

1. e4 c5 2. Nf3 e6 3. d4 cxd4 4. Nxd4 Nc6 5. Nc3 Qc7 6. Be3 Nf6 7. Qd2 a6 8.
O-O-O Bb4 9. f3 d5 10. a3 Bd6 11. exd5 Nxd5 12. Nxd5 exd5 13. Bd3 Be5 14. Qf2
O-O 15. f4 Bf6 16. Nf3 Re8 17. Ng5 h6 18. h4 Bg4 19. Bh7+ Kh8 20. Rxd5 Bxg5 21.
hxg5 Kxh7 22. gxh6 g6 23. f5 Ne5 24. fxg6+ fxg6 25. Qf6 Re6 26. Qg7+ Qxg7 27.
hxg7+ Kxg7 28. Bd4 Rae8 29. Re1 Kf6 30. Kd2 g5 31. c3 Bh5 32. a4 R8e7 33. b4
Bf7 34. c4 Re8 35. Kc3 Kf5 36. a5 1/2-1/2

[Event "XI MFSz PERLA BALTYKU"]
[Site "Lazy"]
[Date "2015.07.05"]
[Round "7.7"]
[White "Baumann, Dariusz"]
[Black "Fraczek, Daniel"]
[Result "0-1"]
[WhiteElo "2108"]
[BlackElo "2411"]
[PlyCount "112"]
[EventDate "2015.??.??"]

1. d4 g6 2. c4 Bg7 3. Nf3 d6 4. g3 Nf6 5. Bg2 O-O 6. O-O Nbd7 7. Nc3 e5 8. e4
c6 9. h3 Qa5 10. Be3 Qb4 11. Qb3 a5 12. dxe5 dxe5 13. Nd2 Ne8 14. c5 Nc7 15.
Nc4 Ne6 16. Na4 b5 17. Nab6 Nxb6 18. Nxb6 Ra7 19. Qxb4 axb4 20. a3 bxa3 21.
Rxa3 Rxa3 22. bxa3 Rd8 23. Rc1 Bf8 24. Bf1 Nd4 25. Kg2 Be6 26. f4 f6 27. fxe5
fxe5 28. Bg5 Rb8 29. Be3 Be7 30. Bxd4 exd4 31. a4 bxa4 32. Nxa4 Rb4 33. Nb6
Rb2+ 34. Kf3 Bg5 35. Ra1 Be3 36. Be2 Bxh3 37. Ra8+ Kg7 38. Ra7+ Kh6 39. Nc4 Rb3
40. Ne5 Bf4+ 41. Nd3 Bb8 42. Ra6 Kg5 43. Rb6 Be6 44. e5 Ba7 45. Rxb3 Bd5+ 46.
Kf2 Bxb3 47. Bf3 Bc4 48. Nb4 Bxc5 49. Nxc6 d3+ 50. Ke1 Be3 51. Na5 Be6 52. Bd1
Kf5 53. Nc6 Ke4 54. Nb4 d2+ 55. Kf1 Bh3+ 56. Ke2 Bg4+ 0-1

[Event "XI MFSz PERLA BALTYKU"]
[Site "Lazy"]
[Date "2015.07.05"]
[Round "7.8"]
[White "Lewtak, Damian"]
[Black "Kowalski, Igor"]
[Result "1-0"]
[WhiteElo "2325"]
[BlackElo "2106"]
[PlyCount "159"]
[EventDate "2015.??.??"]

1. d4 Nf6 2. g3 e6 3. Bg2 Be7 4. Nf3 O-O 5. O-O b6 6. Ne5 d5 7. c4 Bb7 8. Nc3
Nbd7 9. b3 c6 10. Nd3 Rc8 11. Bb2 Ba6 12. cxd5 cxd5 13. Re1 Bd6 14. Rc1 Qe7 15.
Qd2 Rc7 16. Nf4 Rfc8 17. f3 Ba3 18. e3 Qb4 19. Bxa3 Qxa3 20. Nfe2 Qa5 21. Qb2
Bxe2 22. b4 Qa6 23. Nxe2 Qd3 24. Nf4 Qb5 25. Rxc7 Rxc7 26. Bf1 Qc6 27. Nd3 Qc2
28. Qxc2 Rxc2 29. Rc1 Rxc1 30. Nxc1 Kf8 31. Kf2 Ke7 32. h4 Kd6 33. Nd3 h6 34.
Nc1 e5 35. Ne2 e4 36. Nc3 a5 37. b5 Nf8 38. Bg2 exf3 39. Kxf3 Ng6 40. Bh3 Ne7
41. g4 g5 42. hxg5 hxg5 43. Bf1 Ng6 44. Bd3 Ne7 45. Nd1 Ke6 46. Nf2 Ne8 47. e4
f6 48. Nd1 dxe4+ 49. Bxe4 Nd6 50. Nc3 f5 51. Bc2 fxg4+ 52. Kxg4 Nef5 53. Bb3+
Kd7 54. Ne2 Ne3+ 55. Kxg5 Nec4 56. a4 Nd2 57. Bd5 N6c4 58. Nc3 Kd6 59. Bxc4
Nxc4 60. Kf4 Ke6 61. Ke4 Nd6+ 62. Kd3 Nf5 63. Nd1 Nd6 64. Ne3 Nc8 65. Ke4 Nd6+
66. Kf4 Nb7 67. Kf3 Nd6 68. Ke2 Ne4 69. Kd3 Nf2+ 70. Kc4 Ne4 71. Nd1 Nd6+ 72.
Kd3 Nb7 73. Ne3 Nd6 74. Nc4 Nc8 75. Ke4 Kd7 76. d5 Ne7 77. Nxb6+ Kd6 78. Nc4+
Kc5 79. d6 Nd5 80. Ke5 1-0

[Event "XI MFSz PERLA BALTYKU"]
[Site "Lazy"]
[Date "2015.07.05"]
[Round "7.9"]
[White "Chylewski, Patryk"]
[Black "Mulet, Piotr"]
[Result "0-1"]
[WhiteElo "2131"]
[BlackElo "2220"]
[PlyCount "70"]
[EventDate "2015.??.??"]

1. d4 d5 2. c4 e6 3. Nc3 Nf6 4. cxd5 exd5 5. Bg5 Be7 6. e3 O-O 7. Qc2 c6 8. Bd3
Nbd7 9. Nge2 Re8 10. f3 Nf8 11. O-O Ng6 12. Rad1 Nh5 13. Bxe7 Qxe7 14. e4 dxe4
15. fxe4 Bg4 16. Rf2 Nf6 17. Rdf1 Be6 18. h3 Rad8 19. Qc1 Rf8 20. Qe3 b5 21.
Ng3 Ne8 22. Rc2 Qd6 23. d5 cxd5 24. exd5 Bxd5 25. Bxg6 Qxg6 26. Nf5 Kh8 27. Rd2
Nc7 28. Qe5 Ba8 29. Rdf2 Ne6 30. Nd6 Ng5 31. Ncxb5 Nxh3+ 32. Kh2 Nxf2 33. Rxf2
a6 34. Qe7 Bd5 35. Rf5 Qxg2# 0-1

[Event "XI MFSz PERLA BALTYKU"]
[Site "Lazy"]
[Date "2015.07.05"]
[Round "7.10"]
[White "Sliwicki, Damian"]
[Black "Niekras, Dawid"]
[Result "1/2-1/2"]
[WhiteElo "2100"]
[BlackElo "2276"]
[PlyCount "42"]
[EventDate "2015.??.??"]

1. e4 c5 2. Nf3 g6 3. c3 d5 4. exd5 Qxd5 5. d4 Bg7 6. dxc5 Qxc5 7. Be3 Qc7 8.
Qd2 Bg4 9. Bf4 e5 10. Bg3 Bxf3 11. gxf3 Ne7 12. Na3 O-O 13. Nc4 Rd8 14. Qe2
Nbc6 15. Bg2 Nd5 16. O-O Nf4 17. Bxf4 exf4 18. Rfe1 Rd5 19. Rad1 Rad8 20. Rxd5
Rxd5 21. Rd1 Rxd1+ 1/2-1/2